Subcommittee No. 4. Consideration of H.R. 5571, To Amend Title 37, U.S. Code, To Authorize Payment of Incentive Pay for Submarine Duty to Personnel Qualified in Submarines Attached to Staffs of Submarine Operational Commanders; and H.R. 3044, To Authorize Payment of Incentive Pay for the Performance of Hazardous Duty on the Flight Deck of an Aircraft Carrier : hearings before the United States House Committee on Armed Services, Subcommittee No. 4 (Armed Services), Eighty-Ninth Congress, first session, on Mar. 10, 1965.

Committee Serial No. 5.

Bibliographic Details
Corporate Authors: United States. Congress. House. Committee on Armed Services. Subcommittee No. 4., ProQuest (Firm)
Format: Government Document eBook
Language:English
Published: Washington : U.S. G.P.O., 1965.
Series:U.S. Congressional Hearings.
Subjects:
Online Access:Connect to the full text of this electronic book

MARC

Tag First Indicator Second Indicator Subfields
LEADER 00000cam a22000001a 4500
001 in00003196421
006 m d f
007 cr bn mmmapmmp
008 090623s1965 dcu o f000 0 eng d
005 20260504145944.3
035 |a cis2007431066 
040 |a UMI  |c UMI  |d UtOrBLW 
043 |a n-us--- 
086 0 |a Y 4.Ar 5/2 a:965-66/5 
099 |a HRG-1965-ASH-0007 
110 1 |a United States.  |b Congress.  |b House.  |b Committee on Armed Services.  |b Subcommittee No. 4. 
245 1 0 |a Subcommittee No. 4. Consideration of H.R. 5571, To Amend Title 37, U.S. Code, To Authorize Payment of Incentive Pay for Submarine Duty to Personnel Qualified in Submarines Attached to Staffs of Submarine Operational Commanders; and H.R. 3044, To Authorize Payment of Incentive Pay for the Performance of Hazardous Duty on the Flight Deck of an Aircraft Carrier :  |b hearings before the United States House Committee on Armed Services, Subcommittee No. 4 (Armed Services), Eighty-Ninth Congress, first session, on Mar. 10, 1965. 
264 1 |a Washington :  |b U.S. G.P.O.,  |c 1965. 
300 |a 1 online resource. 
336 |a text  |b txt  |2 rdacontent 
337 |a computer  |b c  |2 rdamedia 
338 |a online resource  |b cr  |2 rdacarrier 
500 |a Record is based on bibliographic data in ProQuest Congressional Hearings Digital Collection. Reuse except for individual research requires license from ProQuest, LLC. 
520 |a Committee Serial No. 5. 
520 |a Considers (89) H.R. 5571, (89) H.R. 3044. 
538 |a System requirements: PDF reader software. 
500 |a Electronic resource. 
610 1 0 |a United States.  |b Navy  |x Pay, allowances, etc.  |x Law and legislation. 
655 7 |a Electronic books.  |2 local 
710 2 |a ProQuest (Firm) 
776 0 8 |i Print version:  |a United States. Congress. House. Committee on Armed Services. Subcommittee No. 4.  |t Subcommittee No. 4. Consideration of H.R. 5571, To Amend Title 37, U.S. Code, To Authorize Payment of Incentive Pay for Submarine Duty to Personnel Qualified in Submarines Attached to Staffs of Submarine Operational Commanders; and H.R. 3044, To Authorize Payment of Incentive Pay for the Performance of Hazardous Duty on the Flight Deck of an Aircraft Carrier 
776 0 8 |i Microfiche version:  |a United States. Congress. House. Committee on Armed Services. Subcommittee No. 4.  |t Subcommittee No. 4. Consideration of H.R. 5571, To Amend Title 37, U.S. Code, To Authorize Payment of Incentive Pay for Submarine Duty to Personnel Qualified in Submarines Attached to Staffs of Submarine Operational Commanders; and H.R. 3044, To Authorize Payment of Incentive Pay for the Performance of Hazardous Duty on the Flight Deck of an Aircraft Carrier.  |d [Bethesda, Md.] : ProQuest,[2004]  |o CIS Hrgs MF Gp 3--(89) H2215-0.5  |w (ProQuest)cis10800653 
830 0 |a U.S. Congressional Hearings. 
856 4 0 |u http://proxy.library.tamu.edu/login?url=https://congressional.proquest.com/congcomp/getdoc?HEARING-ID=HRG-1965-ASH-0007  |z Connect to the full text of this electronic book  |t 0 
998 |a cis10800653 
999 |a MARS 
999 f f |s b2595ab5-dc78-3d4d-870d-89171c44a359  |i 183dff1d-415b-3292-a4e3-ba6e802b9afc  |t 0 
952 f f |a Texas A&M University  |b College Station  |c Electronic Resources  |s www_evans  |d Available Online  |t 0  |e HRG-1965-ASH-0007  |h Other scheme 
998 f f |a HRG-1965-ASH-0007  |t 0  |l Available Online